| 000 | 00561nam a2200169Ia 4500 | ||
|---|---|---|---|
| 003 | GCL | ||
| 008 | 140319s9999 xx 000 0 ara d | ||
| 040 |
_aGCL / _cGCL |
||
| 082 | 0 | 4 |
_a001.6424 _bص ق |
| 100 | 1 | _aصباح عبدالعزيز على | |
| 245 | 1 | 0 |
_aقواعد البيانات وانظمة ادارتها / _cصباح عبدالعزيز على |
| 300 | _a494 ص | ||
| 490 |
_aالهيئة العامة للاستعلامات _v0 |
||
| 650 | 0 | 4 | _aالحاسبات الالكترونية |
| 650 | 0 | 4 | _aقواعد البيانات |
| 942 |
_2ddc _cBK |
||
| 999 |
_c48061 _d48061 |
||